[Event "Mittelrhein Verbandsliga-N 18/19"]
[Site "Nordrheinwestfalen"]
[Date "2018.11.18"]
[Round "4.4"]
[White "Hoerchens, Joern"]
[Black "Heckoetter, Christian"]
[Result "0-1"]
[WhiteElo "1832"]
[BlackElo "2005"]
[PlyCount "78"]
[EventDate "2018.09.02"]
[EventType "team-tourn"]
[EventRounds "12"]
[EventCountry "GER"]
[SourceTitle "EXT 2022"]
[Source "ChessBase"]
[SourceDate "2021.10.06"]
[SourceVersion "1"]
[SourceVersionDate "2021.10.06"]
[SourceQuality "1"]
[WhiteTeam "Dormagen SV"]
[BlackTeam "Bergische SF"]
[WhiteTeamCountry "GER"]
[BlackTeamCountry "GER"]

1. d4 e6 2. c4 f5 3. g3 Nf6 4. Bg2 d5 5. cxd5 exd5 6. Nh3 Bd6 7. 0-0 0-0 8. Nc3 c6 9. Bf4 Be7 10. Rb1 Ne4 11. Qc2 Nd7 12. f3 Nd6 13. e4 fxe4 14. fxe4 Nxe4 15. Nxe4 dxe4 16. Qxe4 Nf6 17. Qd3 Be6 18. Rbe1 Bd5 19. Ng5 Bxg2 20. Kxg2 Qd5+ 21. Kg1 Bb4 22. Re6 h6 23. Re5 Qxa2 24. Ne6 Ng4 25. Qg6 Rf7 26. Qxg4 Bd6 27. Rf5 Qxe6 28. Bxd6 Rxf5 29. Qxf5 Qxd6 30. Qf7+ Kh8 31. Rf4 b5 32. g4 Rd8 33. g5 hxg5 34. Re4 Rf8 35. Qh5+ Qh6 36. Qe2 Qf6 37. Qh5+ Kg8 38. Qe2 Qf3 39. Qe1 a5 0-1

[Event "Mittelrhein Regionalliga 16/17"]
[Site "Nordrheinwestfalen"]
[Date "2017.01.29"]
[Round "7.7"]
[White "Albrecht, Oliver"]
[Black "Hoerchens, Joern"]
[Result "1-0"]
[WhiteElo "2112"]
[BlackElo "1791"]
[PlyCount "85"]
[EventDate "2016.09.11"]
[EventType "team-tourn"]
[EventRounds "11"]
[EventCountry "GER"]
[SourceTitle "EXT 2022"]
[Source "ChessBase"]
[SourceDate "2021.10.06"]
[SourceVersion "1"]
[SourceVersionDate "2021.10.06"]
[SourceQuality "1"]
[WhiteTeam "Bonn Beuel"]
[BlackTeam "Dormagen SV"]
[WhiteTeamCountry "GER"]
[BlackTeamCountry "GER"]

1. d4 Nf6 2. c4 g6 3. Nc3 Bg7 4. e4 d6 5. Nf3 0-0 6. Be2 e5 7. Be3 Ng4 8. Bg5 f6 9. Bc1 Nc6 10. d5 Ne7 11. Nd2 Nh6 12. 0-0 f5 13. f3 f4 14. b4 a5 15. bxa5 Rxa5 16. Nb3 Ra8 17. c5 g5 18. a4 Rf6 19. Ba3 Rg6 20. h3 Nf7 21. Nd2 h5 22. Nc4 Kh8 23. Rb1 Ng8 24. cxd6 cxd6 25. Nb6 g4 26. fxg4 hxg4 27. hxg4 Ngh6 28. Nxa8 Bxg4 29. Nb6 Qg5 30. Bf3 Qh5 31. Kf2 Qh4+ 32. Ke2 Bxf3+ 33. gxf3 Rg2+ 34. Kd3 Qg3 35. Qe1 Qh3 36. Nc4 Ng5 37. Nd2 Ng4 38. Rxb7 Rxd2+ 39. Kxd2 Nxf3+ 40. Rxf3 Qxf3 41. Qh4+ Nh6 42. Qg5 Qf2+ 43. Kc1 1-0

[Event "Mittelrhein Verbandsliga-M 15/16"]
[Site "Nordrheinwestfalen"]
[Date "2016.05.01"]
[Round "11.7"]
[White "Schurr, Bernhard"]
[Black "Hoerchens, Joern"]
[Result "1-0"]
[WhiteElo "1760"]
[BlackElo "1791"]
[PlyCount "61"]
[EventDate "2015.09.06"]
[EventType "team-tourn"]
[EventRounds "11"]
[EventCountry "GER"]
[SourceTitle "EXT 2022"]
[Source "ChessBase"]
[SourceDate "2021.10.06"]
[SourceVersion "1"]
[SourceVersionDate "2021.10.06"]
[SourceQuality "1"]
[WhiteTeam "Rheinpark BSG"]
[BlackTeam "Dormagen SV"]
[WhiteTeamCountry "GER"]
[BlackTeamCountry "GER"]

1. d4 Nf6 2. Nc3 d5 3. Bg5 Bf5 4. f3 Nbd7 5. Nxd5 Nxd5 6. e4 Bg6 7. exd5 Nf6 8. c4 h6 9. Be3 Qd7 10. Nh3 c6 11. dxc6 Qxc6 12. Nf4 Bh7 13. d5 Qd7 14. Qb3 g5 15. Nd3 Bxd3 16. Bxd3 Bg7 17. 0-0-0 0-0 18. g4 b5 19. c5 Rab8 20. Bf5 Qc7 21. h4 Rfd8 22. hxg5 hxg5 23. Rhe1 a5 24. Be4 b4 25. Bd4 a4 26. Qc4 Qf4+ 27. Kb1 Nxe4 28. fxe4 Be5 29. Be3 Qf6 30. Rf1 Qg6 31. Rf5 1-0

[Event "Mittelrhein Verbandsliga-M 15/16"]
[Site "Nordrheinwestfalen"]
[Date "2016.02.21"]
[Round "8.6"]
[White "Hoerchens, Joern"]
[Black "Roehrig, Kurt"]
[Result "1-0"]
[WhiteElo "1745"]
[BlackElo "1813"]
[PlyCount "73"]
[EventDate "2015.09.06"]
[EventType "team-tourn"]
[EventRounds "11"]
[EventCountry "GER"]
[SourceTitle "EXT 2022"]
[Source "ChessBase"]
[SourceDate "2021.10.06"]
[SourceVersion "1"]
[SourceVersionDate "2021.10.06"]
[SourceQuality "1"]
[WhiteTeam "Dormagen SV"]
[BlackTeam "Koeln Muelheim"]
[WhiteTeamCountry "GER"]
[BlackTeamCountry "GER"]

1. d4 Nf6 2. c4 d6 3. Nc3 g6 4. Nf3 Nbd7 5. g3 Bg7 6. Bg2 c6 7. 0-0 0-0 8. e4 e5 9. h3 Re8 10. Re1 Qc7 11. Be3 a6 12. a4 b6 13. Qc2 Bb7 14. Rac1 Nh5 15. Red1 Nhf6 16. a5 c5 17. axb6 Nxb6 18. dxc5 dxc5 19. Nd5 Qc6 20. Nd2 Nfd7 21. Nb3 a5 22. Nxb6 Nxb6 23. Nxc5 Bc8 24. b3 Bf8 25. Nd3 Bb7 26. Nb2 a4 27. bxa4 Nxa4 28. Nd3 Nc5 29. Nb4 Qe6 30. Nd5 Rec8 31. Kh2 Ra6 32. Ra1 Nd7 33. Rdb1 Bc6 34. Qe2 Ra4 35. h4 h5 36. Bh3 Qe8 37. Bxd7 1-0